| 000 | 00957nam a2200337 a 4500 | ||
|---|---|---|---|
| 003 | AR-BaBNM | ||
| 005 | 20251128210047.0 | ||
| 008 | 082120s2002 ||||||||||||||000 | spa|| | ||
| 020 | _a84-8019-023-X | ||
| 040 | _cAR-BaBNM | ||
| 100 | 1 | _aFamose, Jean-Pierre | |
| 245 | 0 | 0 | _aAprendizaje motor y dificultad de la tarea |
| 250 | _a1ª ed. | ||
| 260 |
_aBarcelona _bPaidotribo _c1992 |
||
| 300 |
_a333 p. _bgráfs. |
||
| 490 | 0 | _aPedagogías corporales | |
| 500 | _aBIbliografía p. 331-333 | ||
| 650 | 4 | _aPROCESO DE APRENDIZAJE | |
| 650 | 4 | _aDIFICULTADES EN EL APRENDIZAJE | |
| 650 | 4 | _aDESARROLLO MOTOR | |
| 650 | 4 | _aMOTIVACION | |
| 650 | 4 | _aDESTREZAS PSICOMOTRICES | |
| 650 | 4 | _aPSICOLOGIA EVOLUTIVA | |
| 650 | 4 | _aDESARROLLO COGNOSCITIVO | |
| 653 | _aEFICIENCIA | ||
| 700 | 1 |
_aLeplat, Jacques _eprologuista |
|
| 700 | 1 |
_aTorras, Montse _etraductor |
|
| 800 | 1 |
_aLleixá Arribas, Teresa _edirector |
|
| 942 | _cBK | ||
| 998 | _cCarmen | ||
| 999 |
_c13854 _d13854 |
||